Φιλοσοφία και θρησκεία : πέντε ομιλίες, για τη φιλοσσοφική και θρησκευτική συνείδηση

Αποθηκεύτηκε σε:
Λεπτομέρειες βιβλιογραφικής εγγραφής
Κύριος συγγραφέας: Μαλεβίτσης, Χρήστος Χ., 1927-1997
Μορφή: Βιβλίο
Γλώσσα:Greek
Δημοσίευση: Αθήναι : Ίδρυμα Γουλανδρή - Χόρν, 1985.
Θέματα:
Ετικέτες: Προσθήκη ετικέτας
Δεν υπάρχουν, Καταχωρήστε ετικέτα πρώτοι!

MARC

LEADER 00000cam a2200000 i 4500
001 1/76902
008 050523s1985 gr | ||| |||| ||gre||
035 |l 10078108 
040 |a GR-MY-UA  |b gre  |e aacr 
041 0 |a gre 
082 7 |a 291.175   |2 (22) 
100 1 |a Μαλεβίτσης, Χρήστος Χ.,   |d 1927-1997. 
245 1 0 |a Φιλοσοφία και θρησκεία :   |b πέντε ομιλίες, για τη φιλοσσοφική και θρησκευτική συνείδηση /   |c Χρήστος Μαλεβίτσης.  
260 |a Αθήναι :   |b Ίδρυμα Γουλανδρή - Χόρν,   |c 1985.  
300 |a 185 σ. ;   |c 21εκ.  
650 0 0 |a Philosophy and religion. 
650 0 0 |a Philosophy. 
852 |a INST  |b RHODES  |c KRI  |e 20050523  |h  291.175 ΜΑΛ  |p 005400023458  |q 005400023458  |t BK  |y 0 
901 |a BIBL4-2005-2 
909 |a Ρ  |b 110695 
970 |a ΣΙΔΕΡΗ  |b ΝΕΚΤΑΡΙΑ  |z 2005/05/23